| 000 | 00416nam a22001697a 4500 | ||
|---|---|---|---|
| 005 | 20180414124850.0 | ||
| 008 | 160625b xxu||||| |||| 00| 0 eng d | ||
| 020 | _a81-259-3137-9 | ||
| 041 | _aeng | ||
| 082 |
_b10058 _a346.07 |
||
| 100 |
_aKuchhal, M.C. _9256 |
||
| 245 | _aBusiness Law | ||
| 260 |
_aNew Delhi _bVikas Publishing House (P) Ltd. _c2010 |
||
| 300 | _a443 | ||
| 650 |
_aManagement _9241 |
||
| 942 | _cBK | ||
| 999 |
_c3992 _d3991 |
||